Let go with control (Record no. 76545)

MARC details
000 -LEADER
fixed length control field 00883cab a2200205 4500
001 - CONTROL NUMBER
control field ##L132659
008 - FIXED-LENGTH DATA ELEMENTS--GENERAL INFORMATION
fixed length control field 060227n2006 000 0 eng u
035 ## - SYSTEM CONTROL NUMBER
System control number (Sirsi) u132659
041 0# - LANGUAGE CODE
Language code of text/sound track or separate title eng
100 1# - MAIN ENTRY--PERSONAL NAME
Personal name Grierson, James
245 00 - TITLE STATEMENT
Title Let go with control
260 ## - PUBLICATION, DISTRIBUTION, ETC.
Date of publication, distribution, etc. 2006
490 #0 - SERIES STATEMENT
Series statement Estates Gazette
Volume/sequential designation (0607) 18 February 2006, 130-131(2)
520 ## - SUMMARY, ETC.
Summary, etc. Discusses in the first of two "Mainly for students" articles (see also L132841) the positive effects of outsourcing ancillary services. Describes what outsourcing consists of, the reasons for outsourcing, common anxieties about outsourcing and outsourcing as strategy. Explains why outsourcing matters to the corporate property professional. Provides a list of further reading.
590 ## - LOCAL NOTE (RLIN)
Local note IKA280206
690 ## - LOCAL SUBJECT ADDED ENTRY--TOPICAL TERM (OCLC, RLIN)
Topical term or geographic name as entry element MANAGEMENT-FACILITIES MANAGEMENT
700 1# - ADDED ENTRY--PERSONAL NAME
Personal name French, Nick
700 1# - ADDED ENTRY--PERSONAL NAME
Personal name Davis, Ron
942 ## - ADDED ENTRY ELEMENTS (KOHA)
Suppress in OPAC 0
Holdings
Withdrawn status Lost status Source of classification or shelving scheme Damaged status Not for loan Home library Current library Shelving location Date acquired Total Checkouts Full call number Barcode Date last seen Copy number Price effective from Koha item type
    Dewey Decimal Classification     London London Journal article 27/02/2006   L132659 132659-1001 06/08/2019 1 06/08/2019 Journal article